ბათუმის შოთა რუსთაველის სახელმწიფო უნივერსიტეტის ბიბლიოთეკა

საენათმეცნიერო საუბრები (ბიბ.ჩანაწერი № 51106)

000 -LEADER
fixed length control field 00759nam a2200229Ia 4500
001 - CONTROL NUMBER
control field 18063
003 - CONTROL NUMBER IDENTIFIER
control field GE_BSU
008 - FIXED-LENGTH DATA ELEMENTS--GENERAL INFORMATION
fixed length control field 181216s||||||||xx |||||||||||||| ||und||
040 ## - CATALOGING SOURCE
Transcribing agency GE_BSU
080 ## - UNIVERSAL DECIMAL CLASSIFICATION NUMBER
Universal Decimal Classification number 81 + 811.353.1
100 ## - MAIN ENTRY--PERSONAL NAME
Personal name ძიძიგური, შ.
245 ## - TITLE STATEMENT
Title საენათმეცნიერო საუბრები
245 ## - TITLE STATEMENT
Statement of responsibility, etc. მხატვ. მ.თუშმალიშვილი
260 ## - PUBLICATION, DISTRIBUTION, ETC.
Place of publication, distribution, etc. თბილისი
260 ## - PUBLICATION, DISTRIBUTION, ETC.
Name of publisher, distributor, etc. მეცნიერება
260 ## - PUBLICATION, DISTRIBUTION, ETC.
Date of publication, distribution, etc. 1975
300 ## - PHYSICAL DESCRIPTION
Extent 221გვ. ; 22სმ.
653 ## - INDEX TERM--UNCONTROLLED
Uncontrolled term ენათმეცნიერება
653 ## - INDEX TERM--UNCONTROLLED
Uncontrolled term საენათმეცნიერო საუბრები
653 ## - INDEX TERM--UNCONTROLLED
Uncontrolled term ქართული ენა
942 ## - ADDED ENTRY ELEMENTS (KOHA)
Koha item type წიგნი
ეგზემპლარები
Withdrawn status Lost status Damaged status Not for loan Date acquired Barcode Date last seen Price effective from Koha item type
        2018-12-17 46043 2018-12-17 2018-12-17 წიგნი
        2018-12-17 46044 2018-12-17 2018-12-17 წიგნი
        2018-12-17 46045 2018-12-17 2018-12-17 წიგნი
        2018-12-17 46046 2018-12-17 2018-12-17 წიგნი